| 000 | 00672nam a2200217 u 4500 | ||
|---|---|---|---|
| 005 | 20240924070304.0 | ||
| 008 | 070824s1997 r 000 0 eng d | ||
| 020 | _a9681654072 | ||
| 035 | _aUPN01000151404 | ||
| 049 | _aCG | ||
| 050 | 4 |
_aB105 L4.5 _bG6.3 1997 |
|
| 100 | 1 | _aGonzález, Juliana | |
| 245 | 1 | 0 |
_aEtica y libertad / _cJuliana González. |
| 250 | _a2a ed. | ||
| 260 |
_aMéxico : _bUNAM, Dirección General de Publicaciones y Fomento Editorial : _bUNAM, Facultad de Filosofía y Letras : _bFCE, _c1997. |
||
| 300 | _a345 p. | ||
| 440 | 0 | _aSección de obras de filosofía | |
| 650 | 4 |
_aLIBERTAD - _xFILOSOFIA |
|
| 650 | 4 |
_aÉtica _912720 |
|
| 905 | _aLibro | ||
| 999 |
_c123541 _d123541 |
||